|
|
|
|
| LEADER |
00000cam a2200000 i 4500 |
| 001 |
1/77321 |
| 008 |
050526q19471965 gre d |
| 035 |
|
|
|l 10078210
|
| 040 |
|
|
|a GR-MY-UA
|b gre
|e aacr
|
| 041 |
0 |
|
|a gre
|
| 082 |
0 |
|
|a 889.3
|2 (22)
|
| 100 |
1 |
|
|a Δέλτα, Πηνελόπη Σ.,
|d 1874-1941.
|
| 245 |
1 |
2 |
|a Η ζωή του Χριστού /
|c Π. Σ. Δέλτα
|
| 250 |
|
|
|a 3η έκδ.
|
| 260 |
|
|
|a [Αθήνα] :
|b Εστία,
|c [μεταξύ 1947 και 1965]
|
| 300 |
|
|
|a 391 σ.;
|c 20 εκ.
|
| 600 |
0 |
7 |
|2 nlgaf
|a Ιησούς Χριστός.
|
| 650 |
0 |
0 |
|a Greek literature.
|
| 852 |
|
|
|a INST
|b RHODES
|c KRI
|e 20050526
|h 889.3 ΔΕΛ
|p 005400023439
|q 005400023439
|t BK
|y 0
|
| 901 |
|
|
|a BIBL4-2005-2
|
| 909 |
|
|
|a Ρ
|b 110706
|
| 970 |
|
|
|a ΚΟΖΑ
|b ΜΑΡΙΑ
|z 2005/05/26
|